000 00635nam a2200241 a 4500
001 nice12345678
003 IN_TiNIC
005 20260116012257.0
008 050524s1973 onta grp 000 0 eng
020 _a0836190
_c367.5
082 0 0 _a232.954
_bTRO
100 _aTrocme, Andre
245 _aJesus and the Nonviolent Revolution
260 _aOntario
_bHerald Press
_c1973
300 _a211p
500 _aincludes index and biblioraphy
505 2 _aAppendices, Index
650 _aJesus Christ-Person and Offices
650 _aNon-Violence-Biblical Teaching
902 _bSRS
942 _cBK
999 _c6358
_d6358